Top 20 Most Populated Cities in Chile - Statistics

General Stats
  • This quiz has been taken 102 times
    99 since last reset
  • The average score is 14 of 20
Answer Stats
Hint Answer % Correct
5.631.839 Santiago RM
99%
824.006 Valparaíso VP
96%
848.023 Concepción BB
91%
285.255 Antofagasta AN
89%
175.441 Arica AP
89%
214.586 Iquique TA
81%
116.005 Punta Arenas MG
81%
296.253 La Serena CO
80%
175.140 Puerto Montt LA
78%
127.750 Valdivia RI
77%
208.907 Talca MA
76%
268.437 Temuco AR
74%
236.363 Rancagua BO
70%
132.245 Osorno LA
62%
136.600 Calama AN
59%
165.528 Chillán ÑU
59%
134.561 Copiapó AT
58%
138.856 Los Ángeles BB
57%
106.255 San Antonio VP
30%
128.874 Quillota VP
18%
No matching quizzes found
Score Distribution
Percent of People with Each Score
Percentile by Number Answered
Your Score History
You have not taken this quiz since the last reset